Central Library OPAC University of Rajshahi

The facts about Nixon : (Record no. 28191)

MARC details
000 -LEADER
fixed length control field 00731cam a22002531 4500
001 - CONTROL NUMBER
control field 28191
003 - CONTROL NUMBER IDENTIFIER
rucl marc code BD-RjUL
005 - DATE AND TIME OF LATEST TRANSACTION
control field 20211209051241.0
008 - FIXED-LENGTH DATA ELEMENTS--GENERAL INFORMATION
fixed length control field 140329s1960 enk 001 0 eng
035 ## - SYSTEM CONTROL NUMBER
System control number (BD-RjUL)28272
040 ## - CATALOGING SOURCE
Original cataloging agency DLC
Transcribing agency Wa
Modifying agency DLC
-- BD-RjUL
Language of cataloging eng
041 ## - LANGUAGE CODE
Language code of text/sound track or separate title eng
082 00 - DEWEY DECIMAL CLASSIFICATION NUMBER
Classification number 973.924092
Author mark and year COF 1960
100 1# - MAIN ENTRY--PERSONAL NAME
Personal name Costello, William.
Dates associated with a name 1904-
9 (RLIN) 86342
245 14 - TITLE STATEMENT
Title The facts about Nixon :
Remainder of title an unauthorized biography.
Statement of responsibility, etc. William Costello.
260 ## - PUBLICATION, DISTRIBUTION, ETC. (IMPRINT)
Place of publication, distribution, etc. London :
Name of publisher, distributor, etc. Hutchinson,
Date of publication, distribution, etc. 1960.
300 ## - PHYSICAL DESCRIPTION
Pagination xiii, 306 p. ;
Size 22 cm.
504 ## - BIBLIOGRAPHY, ETC. NOTE
Bibliography, etc Includes Index.
600 10 - SUBJECT ADDED ENTRY--PERSONAL NAME
Personal name Nixon, Richard M.
Fuller form of name (Richard Milhous),
Dates associated with a name 1913-1994.
942 ## - ADDED ENTRY ELEMENTS (KOHA)
Source of classification or shelving scheme Dewey Decimal Classification
Koha item type Books
Holdings
Lost status Source of classification or shelving scheme Damaged status Not for loan Collection code Permanent Location Current Location Shelving location Date acquired Source of acquisition Cost, normal purchase price Total Checkouts Full call number Date last seen Copy number Koha item type
  Dewey Decimal Classification   Added to bundle Non-fiction Central Library, University of Rajshahi Central Library, University of Rajshahi Reading Room 26/10/1962 Zeitlinger 25.00   973.924092 COF 1960 29/03/2014 C-1 Books